Представление документа в формате RUSMARC

ПолеНазваниеЗначение
  Тип записи a
  Библиографический уровень a
001 Контрольный номер RU/CBS_UL/BASE/ad9cb1e58874472eb5065f33773f6c32
005 Дата корректировки 20250122233009.6
100 Данные общей обработки __
a Данные общей обработки 20230426 ||| 0rusy0189 ca
101 Язык документа 0_
a Язык текста rus
102 Страна публикации __
a Страна публикации RU
200 Заглавие и сведения об ответственности 1_
a Заглавие Вопросы повестки
e Сведения, относящиеся к заглавию [о том, зачем нужны электронные повестки и что грозит уклонистам]
f Первые сведения об ответственности С. Леонов
300 Общие примечания __
a Общие примечания 16+
461 Уровень набора _0
1 2000
a Аргументы и факты
463 Уровень физической единицы _0
1 001RU/CBS_UL/BASE/dd0ae958289d4fd8b07bdf871528350a
1 2000
a № 16 (19-25 апр.)
v С.
1 210
d 2023
606 Тематические рубрики 0_
a Основная рубрика Военнообязанные - Российская Федерация
610 Ключевые слова 0_
a Ключевые слова вооруженные силы российские
610 Ключевые слова 0_
a Ключевые слова Вооружённые силы РФ
610 Ключевые слова 0_
a Ключевые слова военнообязанные
610 Ключевые слова 0_
a Ключевые слова воинский учёт
610 Ключевые слова 0_
a Ключевые слова постановка на воинский учёт
610 Ключевые слова 0_
a Ключевые слова повестки из военкомата
610 Ключевые слова 0_
a Ключевые слова электронные повестки
610 Ключевые слова 0_
a Ключевые слова единый реестр военнообязанных
610 Ключевые слова 0_
a Ключевые слова уклонисты
610 Ключевые слова 0_
a Ключевые слова получение повестки
686 Индексы других классификаций __
2 Код системы rubbk
a Классификационный индекс 68.423
700 Автор _1
a Фамилия Леонов
b Имя (инициалы) С.
801 Источник записи _0
a Страна RU
b Организация МБУК ЦБС г. Ульяновска
c Дата составления 20230426
g Правила каталогизации RCR
801 Источник записи _1
a Страна RU
b Организация МБУК ЦБС г. Ульяновска
c Дата составления 20230426
g Правила каталогизации RCR
901 Тип документа __
t Тип документа f
w Контрольный № источника RU/CBS_UL/BASE/dd0ae958289d4fd8b07bdf871528350a